Incomes and the welfare state essays on Britain and Europe

Salvato in:
Dettagli Bibliografici
Autore principale: Atkinson, Anthony B.
Natura: Libro
Lingua:inglese
Pubblicazione: Cambridge Cambridge University Press 1995
Soggetti:
Tags: Aggiungi Tag
Nessun Tag, puoi essere il primo ad aggiungerne!!

MARC

LEADER 00000nam a2200000 4500
001 c103143
005 20221123112453.8
020 |a 0-521-46250-9 
020 |a 0-521-55796-8 
041 0 |a eng 
044 |a GB 
245 1 0 |a Incomes and the welfare state  |b essays on Britain and Europe  |c A.B. Atkinson 
264 1 |a Cambridge  |b Cambridge University Press  |c 1995 
300 |a 368 s. 
610 2 0 |a príjmy 
610 2 0 |a politika sociálna 
610 2 0 |a štát 
610 2 0 |a zabezpečenie sociálne 
610 2 0 |a poistenie sociálne 
610 2 0 |a Veľká Británia 
610 2 0 |a Európa 
100 1 |a Atkinson, Anthony B.